| 000 | 00926nas a2200301 4500 | ||
|---|---|---|---|
| 001 | BR9904825 | ||
| 003 | BR-BrBNA | ||
| 005 | 20231205101608.0 | ||
| 007 | ta | ||
| 008 | 230509b bl.|||p| |||| 00| 00por d | ||
| 040 |
_aBR-BrBNA _bpor _cBiblioteca Nacional de Agricultura |
||
| 041 | _a(Pt) | ||
| 072 | _aF60 | ||
| 100 | 1 | _aLuz, J.M.Q. | |
| 100 | 1 | _aPinto, J.E.B.P. | |
| 100 | 1 | _aEhlert, P.A.D. | |
| 100 | 1 | _aCerqueira, E.S. | |
| 245 | 1 | _aInfluencia do nitrato de prata, do carvao ativado e do acido acetilsalicilico na embriogenese de anteras de pimentao (Capsicum annuum L.) | |
| 650 | _aPimentao | ||
| 650 | _aAntera | ||
| 650 | _aEmbriogenese | ||
| 650 | _aNitrato de Prata | ||
| 650 | _aCarvao | ||
| 650 | _aGenotipo | ||
| 773 | 0 |
_tCiencia e Agrotecnologia (Brazil) _xISSN 1413-7054 _g(Oct-Dec 1997), v. 21(4) p. 447-456 _wBR9904825 |
|
| 909 |
_a202311 _bLúcia _c55 _dLúcia Elande |
||
| 942 |
_2AGRIS _n0 _cANA |
||
| 999 |
_c162750 _d162750 |
||